| 000 | 00380nam a22001697a 4500 | ||
|---|---|---|---|
| 005 | 20230921124520.0 | ||
| 008 | 230919b |||||||| |||| 00| 0 eng d | ||
| 082 |
_a658 _bROB-M |
||
| 100 | _aRobbins,Stephen P. | ||
| 245 | _aManagement | ||
| 250 | _a10th.ed | ||
| 300 | _a542 | ||
| 500 | _aInclude Index | ||
| 650 | _aManagement | ||
| 700 | _aStephen P.Robbins | ||
| 999 |
_c33654 _d33654 |
||